Statistics for Second largest city by letter

Click here to take the quiz!

General Stats

  • This quiz has been taken 226 times
    (208 since last reset)
  • The average score is 6 of 26

Answer Stats

LetterPopulationAnswer% Correct
M21 milMumbai
57%
L12.3 milLondon
48%
C9.8 milChicago
42%
D16.2 milDhaka
38%
S25 milSeoul
38%
B14.5 milBuenos aires
37%
K16.6 milKolkata
37%
T13 milTehran
30%
U1 milUfa
24%
W5.5 milWashington DC
24%
A5 milAtlanta
23%
P4.5 milPhiladelphia
22%
H7.8 milHo chi minh city
20%
N8.1 milNagoya
20%
V2 milVienna
17%
E482640Edinburgh
15%
R6 milRiyadh
14%
J8.5 milJohannesburg
13%
F3 milfaisalabad
11%
G4.2 milguadalajara
11%
O2.2 milOrlando
9%
Z4 milZibo
6%
I3.1 milIbadan
5%
X2.3 milXuzhou
5%
Q1.5 milQiqihar
4%
Y1.5 milYekarinburg
2%

Score Distribution

Percentile by Number Answered

Percent of People with Each Score

Your Score History

You have not taken this quiz since the last reset